000 00322nam a22001457a 4500
008 210225b ||||| |||| 00| 0 eng d
020 _a9780137228515
041 _aeng
080 _28th
_a339.138
082 _a339.138
100 _a60
101 _aMAR
245 _aMarketing Management
_cKotler, P
942 _2udc
_cBK
999 _c55181
_d55181